'F' Food Pictures Quiz Stats

 Plays Quiz Updated Dec 18, 2015

Also try: 'D' Food Pictures
Challenge
Share
Tweet
Score 0/16 Timer 06:00
10 Plays Today
Column Food % Correct
Fudge
94.2%
Fruit Salad
93.3%
Fondue
92%
Fortune Cookie
91.7%
Fish Sticks
89.8%
French Toast
84.5%
Feta Cheese
77.6%
Fajitas
73.2%
Column Food % Correct
Figs
72.4%
Fettuccine Alfredo
69%
Flan
67.6%
Filet Mignon
64.3%
Funnel Cake
63.1%
Falafel
57.1%
Fennel
54.1%
Farfalle
47%

You're not logged in!

Compare scores with friends on all Sporcle quizzes.
OR
Log In

You Might Also Like...

Show Comments

Extras

Top Quizzes Today


Score Distribution

Your Account Isn't Verified!

In order to create a playlist on Sporcle, you need to verify the email address you used during registration. Go to your Sporcle Settings to finish the process.

Report this User

Report this user for behavior that violates our Community Guidelines.

Details: